| 000 | 00783nam a22001337a 4500 | ||
|---|---|---|---|
| 040 | _cRUA | ||
| 082 | _aAVM HEN 2011 B099 Or.1 | ||
| 100 | _aHENG, PONAVIN. | ||
| 245 | _aEffect of antibiotic on chicken mortality in prek thom village kbalkoh commune kiensvay district kandal province, ប្រសិទ្ធភាពថ្នាំអង់ទីប៊ីយូទិចទៅលើអត្រាស្លាប់របស់កូនមាន់នៅភូមិព្រែកធំ ឃុំក្បាលកោះ ស្រុកគៀនស្វាយ ខេត្ដកណ្ដាល | ||
| 260 |
_aPhnom Penh _bRUA _c2011 |
||
| 300 |
_aviii; 39p. _bill. _c29cm. |
||
| 856 | _uhttps://drive.google.com/file/d/1jxA7l7dUomlRXPKT65Dr0vVMZWMv5ZDx/view?usp=sharing | ||
| 942 | _cAVM | ||
| 999 |
_c2564 _d2564 |
||